000 01208nam a2200301 i 4500
003 DO-SdBNP
005 20240305103359.0
007 ta
008 131128s1998 dr aco 001 0 spa d
040 _aDO-SdBNP
_bspa
_cBNPHU
_erda
082 4 _a780.97293
_bI37v
_222
100 1 _aIncháustegui, Arístides,
_d1938-
_922936
245 1 0 _aVida musical :
_ben Santo Domingo (1940-1965) /
_cArístides Incháustegui, Blanca Delgado Malagón.
264 _aSanto Domingo :
_bBanco de Reservas,
_bCorripio,
_c1998.
300 _axvi, 529 páginas :
_bilustraciones, retratos, fotografías ;
_c29 cm.
336 _2rdacontent
_atexto
_btxt
337 _2rdamedia
_asin mediación
_bn
338 _2rdacarrier
_avolumen
_bnc
500 _aIncluye índice onomástico
500 _aPublicación especial del Banco de Reservas de la República Dominicana.
504 _aBibliografía : p. 529
505 2 _tNacen las instituciones (1940-1949) --
_tPeríodo de consolidación (1950-1959) --
_tLa década trunca (1960-1969) /
590 _aInventariado, 2023/ YL
650 4 _aMúsica
_xHistoria
_zRepública Dominicana
_954113
700 _aDelgado Malagón, Blanca
_922928
910 _aYLockward
942 _2ddc
_cLBS1
999 _c55443
_d55443